MDQL
is popping MORE tags! Check the
thread
!
Quizzes
Events
Quiz Creation
Community
Videos
Private Events
Remove Ads
Sign In
Join for FREE
Feedback
Dark Mode
Quiz Categories
Sports
Geography
Music
Movies
Television
Just For Fun
Miscellaneous
History
Literature
Language
Science
Gaming
Entertainment
Religion
Holiday
For Kids
Quiz Lab
Recent
Popular Today
Quiz Kudos Today
Editor Picks
Curator Picks
Quizzes by...
Day
Popularity
Type
Ratings
Length
Year
Community
Subscriptions
Recent Discussions
Orange Saloon
Badges
Playlists
Quests
Create
Leaderboards
Showdown
Live 5
Trivia Bingo
Activity
Puzzle Library
Sporcle Events
Private Events
Virtual Trivia
Globe League
Become a Host
Pub Owners
SporcleCon
Opinionation
Our Games
Videos
Blog
Mobile Apps
Partnerships
Remove Ads and Go Orange
Feedback
Television
TV Characters
TV Show
Sitcom
Network
Friends
Reality Shows
Cast
South Park
Star Trek
The Simpsons
Doctor Who
Television
TV Characters
TV Show
Sitcom
Network
Friends
Reality Shows
Cast
South Park
Star Trek
The Simpsons
Doctor Who
Random Quiz
Search Sporcle
×
Quiz Lab
Quiz Lab
Television
basic
Type in answers that appear in a list
Type in answers that appear in a list
Classic
Best Score? Go Orange.
Quantum Leap Quiz Stats
Can you name the basic facts about the series 'Quantum Leap'?
By
jazzyfish
3m
20 Questions
1,181 Plays
1,181 Plays
1,181 Plays
Comments
Comments
Give Quiz Kudos
Give Quiz Kudos
-
- Ratings
hide this ad
Replay
Link that replays current quiz
Next Quiz
Link to next quiz in quiz playlist
You Got
0%
They Got
Avg Score
56%
Avg Friend Score
Upgrade to see
Score Distribution
Jump to the score distribution portion of the page
Score
0/20
Timer
03:00
0
Plays Today
Hint
Answer
% Correct
The Hologram/
Guide
Al Calavicci
95.3%
The Leaper
Sam Beckett
94.8%
Artificial Intelligence Unit
Ziggy
90.3%
The one controlling the Leaps
God-Fate-Time-Whatever
76.2%
Leaper's memory loss is referred to as...
Swiss cheese effect
75%
Type of animal Leaper has been
Chimpanzee
68.3%
Place where the people go who are leapt into
Waiting room
64.4%
Year the Leaper first leaped into (pilot ep)
1956 and 1968
64.3%
Number of times Leaper has been a woman
nine
59.6%
Theory upon which the project is based
String theory
58.4%
Hint
Answer
% Correct
Year the Leaper made his first leap (pilot ep)
1999
52.4%
Name of Hologram/
Guide's first wife
Beth
50.9%
Location of Project Quantum Leap
Stallion's Gate NM
46.1%
Project's Head Programmer
Gooshie
44.6%
Name of room where Hologram/
Guide interacts with the Leaper
Imaging Chamber
41.5%
The name of the Leaper's wife (ep. The Leap Back)
Dr. Donna Eleese
34.5%
Name of the Evil Leaper
Alia
30.4%
Project psychiatrist
Dr Verbeena Beeks
30.1%
Name of the Evil Leaper's Hologram/
Guide
Zoey
28.5%
Name of device the Hologram/
Guide uses to access A.I. Unit
Handlink
27.3%
Quiz Playlist
Details
Report
Send in Message
Add To Playlist
Classic:
Type in answers that appear in a list
Last Updated: Feb 16, 2017
Quiz Scoreboard
CHALLENGE
Sign Up to Join the Scoreboard
Show All
Scores
Hide
Comments
May contain spoilers
Recently Published
Find the 'City' Movie
by crazypaving
Movies
60s
5x2 Blitz: Bands
by SL_Kpop136
Music
30s
Colored Red Africa Blitz
by spor1
Geography
30s
More to Explore
Quiz From the Vault
Featured Blog Post
14 Easter Pick-up Lines to Find Eggs With
hide this ad
You Might Also Like...
Tags
basic
leap
Quantum
Quantum Leap
Today's Top Quizzes in Television
Browse Television
hide this ad
Today's Top Quizzes in basic
Browse basic
Top Contributed Quizzes in Television
1
Survivor Journey Challenge
2
Brooklyn Nine Nine Logic Puzzle (How-To-Play)
3
Total Drama Characters
4
Phoebe Buffay Quotes
5
Survivor Trivia
6
Survivor Logic Puzzle: Heroes vs. Villains
7
Emmerdale Characters (from August 2012)
8
One Tree Hill Logic Puzzle
9
Adjectives in 00s TV Shows
10
All US Survivor Seasons in Order
Explore More
Trending Topics
Harry Potter
Marvel
NBA
Crossword
Kpop
Disney
Anime
Pokémon
The Office
Soccer
Country
NFL
Song
Puzzle
WWE
hide this ad
More By:
jazzyfish
Quiz
Plays
Rating
Category
Featured
Created
Harry Potter--Doctor Who
3,005
2.50
Entertainment
May 16, 2011
Quantum Leap Quiz
1,181
4.67
Television
Jan 1, 2010
quigs of the Pendragon territories
459
4.00
Literature
May 30, 2010
Famous Dogs (both real and fictional)
267
5.00
Miscellaneous
Apr 26, 2010
TARDIS Disguises
101
2.00
Television
Jan 1, 2010
Go to Creator's Profile
Score Distribution
Quiz Creator Spotlight
jazzyfish
Follow
Send a Message
Quizzes Created
-
Created Quiz Play Count
-
More By This Creator
Popular Quizzes Today
1
Colored Red Africa Blitz
2
Find the 'City' Movie
3
Find the US States - No Outlines Minefield
4
5x2 Blitz: Bands
5
The Countries of the World
6
Find the US States
7
US States
8
Find the Countries of Europe - No Outlines Minefield
More Television Quizzes
Clickable Begins and Ends: Simpsons Characters
Curator's Pick
Trending Quizzes
Colored Red Europe Blitz I
Colored Red Africa Blitz II
Colored Red Europe Blitz II
Colored Red Europe Blitz III
Colored Red Africa Blitz III
Recently Updated
How Do You Spell That?
pecheneg
Godzilla Movies
pecheneg
Grab Bag: 4-10 Letters
pecheneg
2024 March Madness Bracket
pecheneg
Famous TV Couples
Peacemaker
Champions League XIs: Real Madrid
pecheneg
Largest US Cities 1790-2010
pecheneg
Rides in Walt Disney World
pecheneg
Most Oscar Losses (Acting)
pecheneg
Beyoncé Albums
pecheneg
Trending Topics
Kpop
Crossword
Harry Potter
Anime
Marvel
NBA
Disney
Puzzle
Song
WWE
The Office
NFL
Country
Pokémon
Soccer
Your Account Isn't Verified!
In order to create a playlist on Sporcle, you need to verify the email address you used during registration. Go to your
Sporcle Settings
to finish the process.
Report this User
Report this user for behavior that violates our
Community Guidelines
.
Details:
Send Report
Go to the Sporcle.com Mobile Site →
Comments